[Event "EU-chT (Men) 21st"]
[Site "Heraklion"]
[Date "2017.11.05"]
[Round "8.2"]
[White "Salgado Lopez, Ivan"]
[Black "Mchedlishvili, Mikheil"]
[Result "1-0"]
[WhiteElo "2629"]
[BlackElo "2604"]
[Annotator "Marin,M"]
[PlyCount "67"]
[EventDate "2017.10.28"]
[EventType "team-swiss"]
[EventRounds "9"]
[EventCountry "GRE"]
[SourceTitle "CBM 182"]
[Source "ChessBase"]
[SourceDate "2018.01.17"]
[SourceVersion "1"]
[SourceVersionDate "2018.01.17"]
[SourceQuality "1"]
[WhiteTeam "Spain"]
[BlackTeam "Georgia"]
[WhiteTeamCountry "ESP"]
[BlackTeamCountry "GEO"]

1. e4 d6 2. d4 Nf6 3. Nc3 g6 4. Nf3 Bg7 5. Be2 O-O 6. O-O e6 {I analysed a
game with this line in my Pirc Modern Trends article published with CBM 176. I
have inserted my old comments on move 7 and 8 below.} 7. Re1 {is the most
flexible move.} (7. h3 {At this point in the game there is no need to waste a
tempo for preparing Be3. As we will see in the next paragraph, Black will
willingly play ...h7-h6 in order to induce h2-h3 by making the threat ...Ng4
real.} Nc6 8. Be3 (8. Bg5 {only helps Black make a useful move, gaining some
kingside space.} h6 9. Be3 b6 10. Qd2 Kh7 11. Rad1 Bb7 12. Nh2 Ne7 13. f3 Nh5
14. Qe1 f5 $36 {Garbett,P (2360)-Benjamin,J (2595) Hawaii 1998 (0-1, 30)}) 8...
a6 {This is not only a way of preparing the queenside expansion but also one
of making ...e7-e5 viable. The point will be revealed soon.} 9. Qd2 (9. a4 b6
10. Qd2 Bb7 11. Bg5 Ne7 12. Qe3 c5 13. Rfd1 Qc7 14. dxc5 bxc5 15. Qf4 Ne8 16.
Qh4 Nc6 $13 {[%csl Gb4,Gd4] Harikrishna,P (2727)-Ponomariov,R (2714) Beijing
2014 (1/2-1/2, 86)}) 9... e5 $5 $146 (9... b5 10. a3 {would leave Black's
queenside somewhat weak.}) 10. d5 ({If} 10. dxe5 dxe5 11. Qxd8 Rxd8 {the only
challenging move is in principle} 12. Bc4 {but here it runs into} b5 $11) 10...
Ne7 11. Rad1 b5 {Kuczynski,R (2525)-Chernin,A (2600) Budapest zt-B 1993 (8)
0-1 It is interesting to compare this position with one of the main 6...Bg4
tabyias. True, Black has wasted a tempo with his e-pawn but saved some with
his bishop. Besides h2-h3 is more of a weakness. Refer to, for instance,}) ({
The main game I examined went} 7. e5 dxe5 8. Nxe5 Nfd7 9. Nf3 h6 10. Bf4 g5 11.
Bc1 Nc6 12. Bb5 Ne7 13. Ne4 Ng6 {Solomunovic,I (2436)-Dreev,A (2634) Kraljevo
2015 CBM 166 Extra (1/2-1/2, 48) [Marin]}) 7... Nc6 8. h3 (8. Be3 h6 {[%cal
Gf6g4,Re3g5]} 9. h3 (9. Qd2 Kh7 10. Rad1 Ng4 11. Bf4 e5 12. dxe5 Ngxe5 $132)
9... b6 10. Qd2 Kh7 11. Rad1 Ne7 12. Bf4 Bb7 13. Bd3 a6 14. Qe2 b5 15. Nb1 Nd7
16. Nbd2 e5 17. dxe5 dxe5 18. Bg3 {Klundt,K (2407)-Ponomariov,R (2616) Bad
Wiessee 1999 (0-1, 49)} c5 $5 {[%cal Gc5c4]} 19. b3 Nc6 {[%csl Gd4]} 20. c3 Qa5
$132) ({One important idea behind ...e7-e6 is discouraging d4-d5:} 8. d5 exd5
9. exd5 Ne7 10. a4 b6 11. Bc4 Bb7 12. Qd3 a6 13. Bf4 b5 {Brodsky,M (2528)
-Goloshchapov,A (2550) Ordzhonikidze 2001 CBM 086 [Roiz,M] (1/2-1/2, 25)}) 8...
a6 9. a4 {White plays this almost automatically but It is not sure whether
preventing ...b7-b5 is absolutely necessary.} (9. Be3 {In fact} b5 {looks a
bit premature:} ({It makes sense keeping the threat of ...b7-b5 for later with
} 9... e5 $5 $146 {True, this looks like a waste of time, but Re1 and h2-h3
are not that useful. Refer also to the next comment.} 10. dxe5 Nxe5 (10... dxe5
11. Bc4 $14 {leaves White some pressure.}) 11. Nd4 {In order to fight for an
advantage, White has to try proving the e5-kight unstable.} (11. a4 Bd7 12. a5
Bc6 $11) 11... Re8 12. f4 (12. a4 Ned7 13. f3 $6 d5 $15) (12. Bf1 b5) 12... Nc6
13. Bf3 Rb8 {with reasonable play for Black.}) 10. e5 dxe5 11. Nxe5 Ne7 ({
This only helps White developing his initiative. Somewhat safer is} 11... Nxe5
12. dxe5 Nd5 13. Nxd5 exd5 14. f4 Re8 15. c3 $14 {White's kingside majority is
more mobile than Black's on the opposite ing.}) 12. Bg5 h6 13. Bf3 Rb8 14. Bxf6
Bxf6 15. Ne4 Bg7 16. Nc5 Rb6 17. c3 $16 {Potkin,V (2613)-Ehlvest,J (2595)
Moscow 2009 (1-0, 38)}) 9... b6 ({After White has weakened the b4-square, the
central break makes even more sense:} 9... e5 $146 10. dxe5 ({One important
point is that after the most principled} 10. d5 Ne7 11. Be3 Ne8 {White's rook
stands badly on e1 and h2-h3 is more of a weakness.} 12. Nd2 f5 13. f4 $6 {
Under other circumstances (for instance in the 6...Bg4 line) this would be the
thematic reaction, preventing Black from developing his kingside play, but
with the rook on e1 the f4-square is poorly defended.} fxe4 14. fxe5 Nf5 15.
Bf4 dxe5 16. Bh2 Ne3 17. Qc1 Bxh3 18. gxh3 Qh4 $40) 10... dxe5 {With respect
to a previous line we wanted to avoid, White has a2-a4 instead of Be3. This
means the b4-square is weak and Raxd1 is impossible.} 11. Bc4 Qxd1 12. Rxd1 Nb4
13. Bb3 (13. Ne1 Re8 {[%cal Gc8e6]}) 13... Be6 14. Bxe6 Nxc2 15. Bxf7+ Rxf7 16.
Rb1 Re8 $11) 10. Bg5 {White provokes ...h7-h6 in order to later gain a tempo.
But in many lines this move helps Black controlling space.} (10. Be3 Bb7 11.
Qd2 Ne7 {[%cal Gc7c5]}) (10. Bf4 Bb7 11. Qd2 Re8 (11... e5 $6 {is premature:}
12. dxe5 dxe5 13. Qxd8 Nxd8 14. Nxe5 Ne6 15. Bh2 Nxe4 16. Nxe4 Bxe4 17. Bc4 $16
) 12. Rad1 e5 $1 {But now everything is prepared for this.} (12... Qe7 13. Bg5
Qf8 {Svobodova,M (2205)-Straub,N (2350) Frydek Mistek 1997 (0-1, 55), is also
playable and in the spirit of this provocative variation,}) 13. dxe5 dxe5 14.
Qxd8 ({Black keeps the fluency of his play after} 14. Qc1 Qe7 15. Bg5 Nd8 16.
Nd5 Bxd5 17. exd5 Nb7 {Heading for the d6- or c5-square.} 18. Bc4 e4 19. Nd4
Qc5 $132) 14... Nxd8 15. Nxe5 Ne6 16. Bh2 Nxe4 $11 {The same recipe as above
does not work now because the e6-knight is well defended and c2 is hanging
with gain of time:} 17. Nxe4 Bxe4 18. Bc4 Bxc2) 10... h6 11. Be3 (11. Bh4 {
slightly misplaces the bishop.} Bb7 12. Bf1 Re8 ({The alternative plan is as
usual} 12... Ne7 13. Qd2 g5 14. Bg3 Ng6 $11) 13. Qd2 e5 14. dxe5 dxe5 15. Qxd8
Nxd8 16. Rad1 Ne6 17. Bc4 Nh7 $2 {A passive move as Black will not get to play
...Ng5 in time. There are reasonable alternatives:} (17... Nh5 {[%cal Ge6d4]}
18. Bxe6 Rxe6 19. Rd7 Rc8 $11) (17... Nc5 18. Nd2 Bc6 19. b3 Rab8 $11) 18. Bg3
Nd4 19. Nxd4 exd4 20. Nd5 $16 {Mirzoev,A (2543)-Movsziszian,K (2536) Salou
2008 (1-0, 56)}) 11... Bb7 12. Qd2 {It makes no sense, of course, to refrain
from this move, as it gives meaning to Bg5.} (12. Bf1 Ne7 (12... e5 $5) 13. Bf4
g5 14. Bg3 Ng6 {Black is perfectly regrouped and can wait for his opponent to
display his cards, while also preparing to advance one of his pawns.} 15. Nd2
Rc8 16. Nc4 Re8 17. e5 $6 {White finally loses patience.} dxe5 18. Nxe5 Nf4 19.
f3 Nd7 20. Nc4 Nb8 21. Bf2 Nc6 22. Ne5 Nxe5 23. dxe5 Qe7 $15 {Tunik,G (2388)
-Sturua,Z (2548) Sabadell 2017 (1-0, 70)}) 12... Kh7 13. Bf1 $146 {Strictly
speaking a novelty, but in this kind of position this does not change anything
essentially.} (13. Rad1 Qc8 {The start of a complicated regrouping.} ({I would
prefer the simpler} 13... Re8 14. Qc1 Qe7 $11) 14. Bf1 Ne7 15. Bf4 Rd8 16. Qc1
Qd7 17. Bh2 Qe8 18. e5 dxe5 19. Nxe5 Nf5 $11 {Tirelli,M (2220)-Tukhaev,A (2541)
Stockholm 2016 (0-1, 37)}) 13... Nb4 {This does not attack on e4 yet as the
knight would be hanging, but it prepares ...c7-c5.} (13... Re8 {is also
possibe, of course.}) ({And} 13... Ne7 {really attacks on e4, leading to a
familiar picture after} 14. Bf4 (14. Bd3 c5 $11) 14... g5 15. Bh2 Ng6 $11) 14.
Bf4 {The only way to keep Black under some pressure still.} (14. Rad1 c5 $11)
14... e5 {A well timed reaction, based on the hanging queen and c2-pawn.} (
14... c5 15. dxc5 dxc5 16. Bd6 Re8 17. Rad1 $14) 15. Bh2 (15. dxe5 $2 dxe5 16.
Bxe5 Qxd2 17. Nxd2 Nxc2 $17) (15. Bg3 $2 exd4 16. Nxd4 Nh5 $17 {[%csl Rc2,Rg3]
[%cal Gg7d4]}) 15... exd4 16. Nxd4 c5 $6 {Slightly over-optimystic. Black saw
a target on e4, but underestimated White's active ideas.} (16... Re8 $5 17.
Rad1 (17. Nf3 a5 18. Bd3 Re7 19. Re2 Nd7 $11 {[%csl Ga4,Ge4][%cal Gd7c5]})
17... Nd7 18. Nb3 Nc5 19. Bc4 Qf6 $132 {[%cal Ga8d8]}) 17. Nf3 $1 {Ivan's
intuition works perfectly in this moment. Apparently, the knight is passive on
both f3 and b3 but there is a small difference.} (17. Nb3 $6 Re8 18. Rad1 (18.
f3 d5 $11) 18... Bxe4 19. Nxe4 Nxe4 20. Qf4 f5 21. c3 Nc6 {The point is that
e5 is not defended and Black can react with ...Be5 if White tries something
radical.} 22. f3 (22. g4 Be5 $17) 22... Be5 23. Qc1 Bxh2+ 24. Kxh2 Nf6 $17)
17... Re8 18. Rad1 Bxe4 (18... Nxe4 19. Nxe4 Bxe4 20. c3 Nc6 21. Qxd6 $16 {
retrieves the pawn with a strong initiative along the central files.}) 19. Nxe4
Nxe4 20. Qc1 $6 {But this is too passive.} (20. Qf4 $1 f5 21. c3 Nc6 22. g4 $14
{True, Black still keeps his extra pawn but his position is full of weaknesses.
}) 20... d5 21. c3 Nc6 22. Bc4 Nf6 23. Rxe8 Qxe8 24. Bxd5 Nxd5 25. Rxd5 {
Optically White has some advantage because the black queenside is a bit weak.
But his a4-pawn is also hanging, which should level chances.} Rd8 $6 {Missing
his chance for counterplay.} (25... Ne7 26. Rd6 Nc8 27. Rd1 Qxa4 28. Rd8 Bf6 {
and White's initiative has reached a dead point.}) (25... Qe4 {[%csl Ga4,Gd5]}
26. Qd1 Ra7 $11) 26. Qd1 $14 Qe7 $6 {Any unpromoted pawn chain risks turning
weak (Nimzowitsch).} ({Well, then:} 26... b5 $5) 27. Rxd8 Nxd8 (27... Qxd8 28.
Qxd8 Nxd8 29. Bc7 $16) 28. Qd3 $1 a5 $16 {With such a black queenside
structure White's winning chances become real.} 29. Qb5 Qb7 30. Bg3 Ne6 31. Qe8
Bf6 {Black keeps playing passively.} (31... Ng5 $5 32. Nd2 Qd5) 32. Ne5 Kg7 33.
Nd7 Qd5 $2 34. Qg8+ $1 (34. Qg8+ Kxg8 35. Nxf6+) 1-0

[Event "ROM-ch"]
[Site "Herculane"]
[Date "1996.??.??"]
[Round "5"]
[White "Ardeleanu, Alin"]
[Black "Marin, Mihail"]
[Result "0-1"]
[WhiteElo "2420"]
[BlackElo "2530"]
[Annotator "Marin,M"]
[PlyCount "86"]
[EventDate "1996.12.??"]
[EventType "tourn"]
[EventRounds "15"]
[EventCountry "ROU"]
[EventCategory "8"]
[SourceTitle "CBM 056 Extra"]
[Source "ChessBase"]
[SourceDate "1997.03.01"]
[SourceVersion "1"]
[SourceVersionDate "1997.03.01"]
[SourceQuality "1"]

1. e4 d6 2. d4 Nf6 3. Nc3 g6 4. Nf3 Bg7 5. h3 O-O 6. Be3 c6 7. Be2 Nbd7 (7...
b5 8. e5 $16) 8. e5 dxe5 9. dxe5 Ne8 10. Qd2 Qc7 (10... Nc7 11. O-O-O (11. Bh6
$2 Nxe5 $1) 11... Ne6 12. Bh6 $40 Nxe5 $140 13. Bxg7 Qxd2+ 14. Rxd2 Nxf3 15.
Bxf8 Nxd2 16. Bxe7 $18) 11. e6 $8 fxe6 12. Ng5 Ndf6 13. h4 $44 Nd5 14. h5 Nxe3
15. Qxe3 Qb6 $1 (15... Qf4 $5 16. Qxf4 Rxf4 17. hxg6 hxg6 18. g3 Rf5 19. f4 Nd6
20. Bd3 e5 $5 21. Bxf5 Bxf5 22. O-O-O exf4 23. gxf4 $14) 16. Qxb6 axb6 17. hxg6
hxg6 18. Bd3 Ra5 $1 19. Nf3 (19. Nh7 Rf4 20. Bxg6 Nd6 {פh7}) 19... Bxc3+ 20.
bxc3 Kg7 $13 21. Rh4 Nf6 22. c4 g5 23. Rh1 g4 24. Nd2 Re5+ 25. Kf1 Bd7 26. Rh4
c5 27. Rb1 Bc6 28. Rxb6 Rg5 29. Kg1 e5 30. Nf1 $1 $138 Rh5 31. Rxh5 Nxh5 32.
Ne3 (32. Nd2 $2 Nf4 33. Ne4 (33. Be4 Ne2+) 33... Bxe4 34. Bxe4 Ne2+ 35. Kf1 (
35. Kh2 Rh8+) 35... Ng3+ 36. Kg1 Nxe4 $19) 32... g3 33. Nf5+ Kf6 34. fxg3 $2 (
34. Nxg3 $142 Nxg3 35. fxg3 e6 (35... Ra8 36. Be4 Rxa2 37. Bxc6 bxc6 38. Rxc6+
Kf5 39. Rxc5 Rxc2 $44 {Pe5}) 36. Rb1 Ra8 37. Rf1+ Kg5 38. Re1 $10) 34... e6 35.
Nd6 Nxg3 36. Kh2 (36. Nxb7 Bxb7 37. Rxb7 e4 38. Bf1 Ke5 39. Rb1 e3 40. Re1 (40.
Bd3 Rh8 $19) 40... Kf4 {/\Rh8-+}) 36... Rg8 $1 37. Rxc6 (37. Nxb7 Bxb7 38. Rxb7
e4 $19) (37. c3 e4 (37... Ne2 $5 38. Bxe2 Rxg2+ 39. Kh3 Rxe2 40. Nxb7 Re3+ 41.
Kh2 Bxb7 42. Rxb7 Rxc3 $19) 38. Rxc6 bxc6 39. Nxe4+ Nxe4 40. Bxe4 Ra8 $19) (37.
Bh7 Rg7 38. c3 Ne2 $19) 37... bxc6 38. Ne4+ Nxe4 39. Bxe4 Rg4 40. Bd3 Rd4 41.
Kg3 e4 42. Be2 Rd2 43. Kf2 Rxc2 0-1

[Event "ROM-ch"]
[Site "Herculane"]
[Date "1996.??.??"]
[Round "3"]
[White "Nevednichy, Vladislav"]
[Black "Marin, Mihail"]
[Result "1/2-1/2"]
[WhiteElo "2525"]
[BlackElo "2530"]
[Annotator "Marin,M"]
[PlyCount "125"]
[EventDate "1996.12.??"]
[EventType "tourn"]
[EventRounds "15"]
[EventCountry "ROU"]
[EventCategory "8"]
[SourceTitle "CBM 056 Extra"]
[Source "ChessBase"]
[SourceDate "1997.03.01"]
[SourceVersion "1"]
[SourceVersionDate "1997.03.01"]
[SourceQuality "1"]

1. e4 d6 2. d4 Nf6 3. Nc3 g6 4. Nf3 Bg7 5. h3 O-O 6. Be3 c6 7. a4 Nbd7 8. a5
Qc7 (8... e5 9. dxe5 dxe5 10. Qd6) (8... Qc7 9. Qd2 e5 10. dxe5 dxe5 11. Bc4)
9. Qd2 Rb8 $5 10. Be2 (10. Bc4 Nxe4 $5) 10... b5 11. axb6 axb6 12. O-O b5 13.
b4 e5 14. dxe5 dxe5 15. Rfd1 Bb7 16. Bh6 (16. Qd6 Qxd6 17. Rxd6 Rfd8 {/\Bf8,
קb4}) 16... Ra8 17. Rab1 Rfd8 18. Bxg7 Kxg7 19. Qe3 Nf8 20. Qc5 N6d7 21. Qd6 (
21. Nxb5 Qb8 22. Qe7 Re8 23. Qh4 cxb5 $17) 21... Qxd6 22. Rxd6 f6 $15 {(פc3,
עg1)} 23. Rbd1 Kf7 24. g4 $5 Ke7 (24... g5 $2 25. R1d2 Ke7 26. Nd1 Nb6 27. Ne3
$14) 25. g5 fxg5 26. Nxg5 Ra3 $2 (26... h6 $142 27. Nf3 Ra3 28. R6d3 Rda8 {
(/\Bc8, Ne6-f4)} 29. Nh4 Nf6 $15) 27. Nb1 $6 (27. R6d3 $142 Ra6 $13 (27... h6
28. Nd5+ cxd5 29. Rxa3 hxg5 30. exd5 $16) (27... Rda8 28. Nxh7 Rxc3 29. Nxf8
Rxd3 30. Nxg6+ Kf6 31. Rxd3 $16)) 27... Ra1 {(/\Rxb1)} 28. R6d2 h6 29. Nf3 Rda8
30. c4 (30. Nc3 Rxd1+ 31. Rxd1 Ra3 $15 {><f4, h3}) 30... bxc4 31. Bxc4 R8a4 32.
Rb2 c5 33. bxc5 Bxe4 34. Nfd2 Bxb1 35. Rdxb1 Rxb1+ 36. Rxb1 Nxc5 37. Re1 Kf6
38. Bf1 Nfe6 39. Nc4 e4 40. Rd1 Nf4 41. Nb6 Rb4 42. Nd5+ Nxd5 43. Rxd5 Ne6 $15
44. Rb5 Ra4 $6 (44... Rxb5 $142 $15 45. Bxb5 Ke5 46. Bd7 Nf4 47. Bc8 g5 48. Bd7
h5 49. Bc8 Nd3 50. Kg2 Ne1+ 51. Kg1 Kf4 52. Bd7 h4 (52... Nf3+ 53. Kg2 Ne5 54.
Bc8 h4 55. Be6 g4 56. hxg4 Nxg4 57. Kh3 Nxf2+ 58. Kxh4 e3 59. Bc4 Ke4 60. Be2
$10) 53. Bc8 e3 54. fxe3+ Kxe3 55. Bg4 $10) 45. Bg2 Nd4 46. Rb8 Ra1+ 47. Kh2
Re1 48. Re8 Kf5 49. Kg3 Ne2+ 50. Kh2 Nf4 51. Rf8+ Ke5 52. Re8+ Ne6 53. Kg3 Re2
54. h4 Kf6 55. Bf1 Rc2 56. Bh3 Rc3+ 57. Kh2 Nc5 58. Rc8 Rc2 59. Rc6+ Ke5 60.
Bg2 Kf5 61. Kg3 Rc3+ 62. Kh2 Rc2 63. Kg3 1/2-1/2